Normal view
MARC view
Entry Personal Name
001 - CONTROL NUMBER
- control field: 4861
003 - CONTROL NUMBER IDENTIFIER
- control field: BD-RjUL
005 - DATE AND TIME OF LATEST TRANSACTION
- control field: 20220918111049.0
008 - FIXED-LENGTH DATA ELEMENTS
- fixed length control field: 220918|| aca||aabn | a|a d
040 ## - CATALOGING SOURCE
- Original cataloging agency: BD-RjUL
- Transcribing agency: BD-RjUL
100 ## - HEADING--PERSONAL NAME
- Personal name: Karim, Rabiul
670 ## - SOURCE DATA FOUND
- Source citation: Work cat.: (BD-RjUL)80379: Karim, Rabiul , Socioeconomic development initiatives and womenโs welfare in rural Bangladesh /, 2018